| 000 | 00617cam a2200229 a 4500 | ||
|---|---|---|---|
| 001 | 32935 | ||
| 005 | 20230410120850.0 | ||
| 008 | 880916s1954 ag 000 0 spa c | ||
| 020 | _a9507642579 | ||
| 010 | _a88185506 | ||
| 040 |
_aCtY _cCtY _dDLC |
||
| 050 | 1 | 4 |
_aJA 69 _bP453f 2005 |
| 100 | 1 |
_aPerón, Juan Domingo, _d1895-1974. |
|
| 245 | 1 | 0 |
_aFilosofia peronista / _cJuan Domingo Perón. |
| 260 |
_a[Buenos Aires] : _bCS Ediciones _c2005. |
||
| 300 |
_a245 p. ; _c20 cm. |
||
| 650 | 0 | _aPolitical science | |
| 650 | 0 | _aPeronismo | |
| 650 | 4 | _aCiencias políticas. | |
| 650 | 4 | _aPeronismo. | |
| 942 |
_2lcc _cbk |
||
| 999 |
_c53402 _d53402 |
||